[Event "Indonesia Open 2013"]
[Site "Jakarta INA"]
[Date "2013.10.12"]
[Round "3.37"]
[White "Firdaus, Maksum"]
[Black "Nguyen, Duc Hoa"]
[Result "0-1"]
[WhiteTitle "FM"]
[BlackTitle "IM"]
[WhiteElo "2257"]
[BlackElo "2486"]
[WhiteFideId "7100833"]
[BlackFideId "12401358"]
[EventDate "2013.10.10"]

1. f4 d5 2. Nf3 c5 3. g3 Nf6 4. Bg2 g6 5. d3 Bg7 6. O-O O-O 7. a3 Nc6 8. Nc3 d4
9. Ne4 Qb6 10. Nfd2 Be6 11. Nc4 Bxc4 12. dxc4 Nxe4 13. Bxe4 f5 14. Bd5+ Kh8 15.
Rb1 Rae8 16. e3 e6 17. Bxc6 Qxc6 18. Qf3 Qxf3 19. Rxf3 e5 20. fxe5 Rxe5 21. Bd2
Rfe8 22. Rd1 Re4 23. b3 Kg8 24. exd4 Bxd4+ 25. Kh1 Re2 26. c3 Bf6 27. Rd3 Kf7
28. h4 R8e7 29. Kg1 Kg7 30. Rf1 h6 31. Rf2 R2e6 32. Kf1 Rb6 33. b4 Ra6 34. Bc1
Rc6 35. Be3 b6 36. b5 Rce6 37. Bd2 Re4 38. Rf4 Rxf4+ 39. Bxf4 g5 40. hxg5 hxg5
41. Bd2 Kg6 42. a4 Kh5 43. Re3 Rxe3 44. Bxe3 Bxc3 45. Ke2 Kg4 46. Kd3 Be1 47.
Ke2 Bxg3 48. a5 Bd6 49. a6 f4 50. Bf2 Kf5 51. Kd3 g4 52. Bh4 g3 53. Ke2 Ke4 54.
Bd8 f3+ 55. Kf1 Bb8 0-1

[Event "Indonesia Open 2013"]
[Site "Jakarta INA"]
[Date "2013.10.12"]
[Round "3.38"]
[White "Khamrakulov, Djurabek"]
[Black "Khairul, Anam"]
[Result "1-0"]
[WhiteTitle "IM"]
[BlackTitle "FM"]
[WhiteElo "2442"]
[BlackElo "2301"]
[WhiteFideId "14201143"]
[BlackFideId "7102429"]
[EventDate "2013.10.10"]

1. e4 g6 2. d4 Bg7 3. Nf3 c6 4. Nc3 d5 5. h3 dxe4 6. Nxe4 Nd7 7. Bc4 Ngf6 8.
Nxf6+ Nxf6 9. O-O O-O 10. Re1 Nd5 11. c3 a5 12. a4 Bf5 13. Qb3 Ra7 14. Bg5 Re8
15. Re2 h6 16. Bh4 g5 17. Bg3 e6 18. Rd1 Bg6 19. Ne5 Bh5 20. f3 f6 21. Nd3 b6
22. Rde1 Bf7 23. Nf2 Rd7 24. Qc2 f5 25. Nd3 f4 26. Bf2 Rd6 27. Ne5 Bxe5 28. Rxe5
Qf6 29. Bd3 Kg7 30. Qe2 Nc7 31. c4 Red8 32. Bc2 Bg6 33. Bxg6 Kxg6 34. c5 bxc5
35. Rxc5 Rxd4 36. Rxc6 R4d7 37. Qc2+ 1-0

[Event "Indonesia Open 2013"]
[Site "Jakarta INA"]
[Date "2013.10.12"]
[Round "3.39"]
[White "Pitra, Andika"]
[Black "Milliet, Sophie"]
[Result "1-0"]
[WhiteTitle "FM"]
[BlackTitle "IM"]
[WhiteElo "2276"]
[BlackElo "2399"]
[WhiteFideId "7103255"]
[BlackFideId "623725"]
[EventDate "2013.10.10"]

1. e4 e5 2. d4 exd4 3. Qxd4 Nc6 4. Qe3 Nf6 5. Nc3 Bb4 6. Bd2 O-O 7. O-O-O Re8 8.
Qg3 Rxe4 9. Bd3 Rg4 10. Qh3 d5 11. f3 Rg6 12. g4 d4 13. Bxg6 hxg6 14. Ne4 Qd5
15. Nxf6+ gxf6 16. Bxb4 Nxb4 17. a3 Nc6 18. b3 Qc5 19. Kb2 a5 20. Ne2 a4 21. b4
Qc4 22. Rd2 Be6 23. Ra1 d3 24. Rxd3 Ne5 25. Re3 Qd5 26. Rxe5 Qxe5+ 27. Nc3 c5
28. Qg3 Qd4 29. Rd1 Qc4 30. Qc7 cxb4 31. Qxc4 bxa3+ 32. Kxa3 Bxc4 33. Rb1 Rc8
34. Ne4 b5 35. Nxf6+ Kf8 36. g5 Rc5 37. f4 Be2 38. Rb4 Rc3+ 39. Kb2 Rc4 40. Rxb5
Rxc2+ 41. Kxc2 Bxb5 42. Ng4 Bc6 43. Ne3 Ke7 44. Ng4 Ke6 45. Nh6 Be8 46. h4 Kd5
47. Ng8 Ke6 48. Nh6 Kd5 49. f5 Ke5 50. f6 Kf4 1-0

[Event "Indonesia Open 2013"]
[Site "Jakarta INA"]
[Date "2013.10.12"]
[Round "3.40"]
[White "Gunawan, Ronny"]
[Black "Sonjaya, Deni"]
[Result "1-0"]
[WhiteTitle "IM"]
[BlackTitle "FM"]
[WhiteElo "2395"]
[BlackElo "2265"]
[WhiteFideId "7100035"]
[BlackFideId "7101465"]
[EventDate "2013.10.10"]

1. b4 e5 2. Bb2 Bxb4 3. Bxe5 Nf6 4. Nf3 O-O 5. e3 d5 6. Be2 c5 7. O-O Nc6 8. Bb2
Re8 9. d3 Ba5 10. Nbd2 Bc7 11. a4 b6 12. c4 dxc4 13. Nxc4 Bb7 14. d4 Ne4 15.
dxc5 Nxc5 16. Qc2 Re6 17. Rfd1 Qe7 18. Bf1 Rg6 19. g3 Re8 20. Bg2 Nb4 21. Qc3
Ne4 22. Qb3 Nc6 23. a5 Qe6 24. axb6 axb6 25. Qb5 Rb8 26. Nce5 Nxe5 27. Bxe5 Bxe5
28. Qxe5 Re8 29. Qxe6 Rgxe6 30. Nd4 Rf6 31. f3 Nc5 32. e4 h6 33. Nb5 Bc6 34. Nd6
Rb8 35. Ra7 Ba4 36. Rd4 Bb3 37. e5 Rg6 38. f4 f6 39. e6 Nxe6 40. Rb4 Bc2 41. f5
Bxf5 42. Nxf5 Kh8 43. h4 Nc5 44. Kh2 Nd3 45. Rd4 Ne5 46. Ne7 Rg4 47. Rxg4 Nxg4+
48. Kg1 Rd8 49. Bf3 Ne5 50. Be4 g5 51. h5 Rd4 52. Ra8+ 1-0

[Event "Indonesia Open 2013"]
[Site "Jakarta INA"]
[Date "2013.10.12"]
[Round "3.41"]
[White "Lioe, Dede"]
[Black "Davletbayeva, Madina"]
[Result "1-0"]
[WhiteTitle "IM"]
[BlackTitle "WIM"]
[WhiteElo "2375"]
[BlackElo "2259"]
[WhiteFideId "7100566"]
[BlackFideId "13703595"]
[EventDate "2013.10.10"]

1. e4 e5 2. Nf3 Nc6 3. Bb5 a6 4. Ba4 Nf6 5. O-O Nxe4 6. d4 b5 7. Bb3 d5 8. dxe5
Be6 9. c3 Be7 10. Nbd2 O-O 11. Bc2 f5 12. Nb3 Qd7 13. Nfd4 Nxd4 14. cxd4 a5 15.
Nd2 Nxd2 16. Bxd2 f4 17. Kh1 f3 18. gxf3 Bf5 19. Rc1 Bxc2 20. Rxc2 c5 21. dxc5
d4 22. c6 Qd5 23. Kg2 a4 24. Re1 Ra6 25. c7 Rg6+ 26. Kh1 Qd7 27. Ba5 Ra6 28. Bd2
Rc8 29. Bf4 Qf5 30. Bg3 d3 31. Rc3 Bb4 32. Qxd3 Qe6 33. Qd8+ Kf7 34. Rd1 Bxc3
35. Rd7+ Kg6 36. Qxc8 1-0

[Event "Indonesia Open 2013"]
[Site "Jakarta INA"]
[Date "2013.10.12"]
[Round "3.42"]
[White "Hamdani, Rudin"]
[Black "Teh, Eu Wen Aron"]
[Result "0-1"]
[WhiteTitle "FM"]
[WhiteElo "2339"]
[BlackElo "2254"]
[WhiteFideId "7100213"]
[BlackFideId "5704723"]
[EventDate "2013.10.10"]

1. c4 Nf6 2. Nf3 e6 3. g3 b6 4. Bg2 Bb7 5. O-O Be7 6. d4 O-O 7. Nc3 Ne4 8. Qc2
Nxc3 9. bxc3 Qc8 10. Rd1 d6 11. Rb1 Nd7 12. e4 Re8 13. Bh3 Bf6 14. Re1 Qd8 15.
Bg2 e5 16. Ba3 Qe7 17. Qa4 Red8 18. h4 g6 19. Rbd1 Bg7 20. Bh3 Qe8 21. Bxd7 Qxd7
22. Qxd7 Rxd7 23. dxe5 Re8 24. exd6 Bxc3 25. dxc7 Rxc7 26. Re3 Rxc4 27. Rd7 Bc6
28. Rc7 b5 29. Rxa7 b4 30. Bc1 Rcxe4 31. Ng5 Rxe3 32. Bxe3 Bd5 33. g4 Ra8 34.
Rxa8+ Bxa8 35. f3 f5 36. gxf5 gxf5 37. Kf2 Bd5 38. Ke2 Bc4+ 39. Kd1 Bxa2 40. Bd2
Bxd2 41. Kxd2 Bd5 42. f4 Kg7 43. Kd3 Kh6 44. Kd4 b3 45. Kc3 Bg8 46. Nf3 Kh5 47.
Nd4 Kg4 0-1

[Event "Indonesia Open 2013"]
[Site "Jakarta INA"]
[Date "2013.10.12"]
[Round "3.43"]
[White "Lorparizangeneh, Shahin"]
[Black "Muhammad, Luthfi Ali"]
[Result "1-0"]
[WhiteTitle "FM"]
[BlackTitle "CM"]
[WhiteElo "2249"]
[BlackElo "2338"]
[WhiteFideId "12521604"]
[BlackFideId "7103743"]
[EventDate "2013.10.10"]

1. d4 Nf6 2. c4 g6 3. Nc3 d5 4. Nf3 Bg7 5. Qb3 dxc4 6. Qxc4 O-O 7. e4 Nc6 8. Be2
Bg4 9. d5 Na5 10. Qb4 Bxf3 11. Bxf3 c6 12. O-O Qb6 13. Qa4 Nd7 14. Rd1 Rfd8 15.
g3 Rac8 16. Bg4 Nc5 17. Qc2 e6 18. Bg5 Rd7 19. dxe6 Rxd1+ 20. Rxd1 Nxe6 21. Nd5
Qxb2 22. Qxb2 Bxb2 23. Bxe6 Rb8 24. Bf4 Rf8 25. Ne7+ Kg7 26. Bh3 Re8 27. Nc8
Rxe4 28. Nd6 Ra4 29. Rb1 Bd4 30. Nxb7 Nc4 31. Rc1 Nb2 32. Bf1 Rxa2 33. Be3 Bxe3
34. fxe3 Ra3 35. e4 Rb3 36. Na5 Re3 37. Nc4 Nxc4 38. Rxc4 c5 39. Kf2 Ra3 40.
Rxc5 Kf6 41. Rc7 h5 42. Bc4 h4 43. Rxf7+ Ke5 44. Bd5 Rc3 45. Rxa7 Rc2+ 46. Kf3
Rxh2 47. Rh7 g5 48. gxh4 gxh4 49. Rh5+ Kf6 50. Kg4 Rg2+ 51. Kxh4 Rg1 52. Rf5+
Kg6 53. Rf2 1-0

[Event "Indonesia Open 2013"]
[Site "Jakarta INA"]
[Date "2013.10.12"]
[Round "3.44"]
[White "Senador, Emmanuel"]
[Black "Bachtiar, Ahmad Ina"]
[Result "1-0"]
[WhiteTitle "IM"]
[WhiteElo "2323"]
[BlackElo "2219"]
[WhiteFideId "5200601"]
[BlackFideId "7102682"]
[EventDate "2013.10.10"]

1. e4 c5 2. d4 cxd4 3. c3 dxc3 4. Nxc3 Nc6 5. Nf3 d6 6. Bc4 e6 7. O-O a6 8. Qe2
Nge7 9. Bg5 Qa5 10. Rfd1 Ng6 11. Bd2 Qc7 12. Rac1 Qb8 13. h4 Be7 14. h5 Nge5 15.
Bb3 h6 16. Nxe5 dxe5 17. Qg4 Bf6 18. Na4 Qa7 19. Be3 Nd4 20. Rc7 Bd7 21. Nc5 Qb6
22. Rxd7 Qxc5 23. Bxd4 exd4 24. Rxf7 O-O-O 25. Qxe6+ Kb8 26. Bd5 Rxd5 27. Qxd5
Qxd5 28. exd5 Rd8 29. Rxf6 gxf6 30. Rxd4 Kc7 31. d6+ Rxd6 32. Rxd6 Kxd6 33. Kh2
Ke5 34. Kg3 Ke4 35. f3+ Kd3 36. Kf2 a5 37. g4 a4 38. f4 Ke4 39. g5 1-0

[Event "Indonesia Open 2013"]
[Site "Jakarta INA"]
[Date "2013.10.12"]
[Round "3.46"]
[White "Azarya, Jodi Setyaki"]
[Black "Bancod, Ronald"]
[Result "1/2-1/2"]
[WhiteTitle "CM"]
[BlackTitle "IM"]
[WhiteElo "2126"]
[BlackElo "2306"]
[WhiteFideId "7101589"]
[BlackFideId "5200938"]
[EventDate "2013.10.10"]

1. e4 c5 2. Nf3 Nc6 3. d4 cxd4 4. Nxd4 g6 5. Nc3 Bg7 6. Be3 Nf6 7. Bc4 O-O 8.
Bb3 a5 9. O-O d6 10. Ndb5 Bd7 11. Qe2 Ng4 12. Bg5 Nd4 13. Nxd4 Bxd4 14. Nd5 Re8
15. h3 Nf6 16. Qc4 Bxb2 17. Nxf6+ Bxf6 18. Qxf7+ Kh8 19. Bxf6+ exf6 20. Rad1 Rf8
21. Qd5 Bc6 22. Qd4 Qe7 23. Bd5 Rac8 24. c4 Qe5 25. f3 Bxd5 26. Qxd5 Qxd5 27.
Rxd5 Rxc4 28. Rxa5 Rfc8 29. Rd1 Rc1 30. Rd5 Rxd1+ 31. Rxd1 Rc6 32. Rd2 Kg7 33.
Kf2 Kf7 34. Ke3 Ke6 35. Kd4 b5 36. Rb2 Rc4+ 37. Kd3 Ra4 38. Ke3 h5 39. h4 f5 40.
Rxb5 fxe4 41. fxe4 Rxa2 42. Kf3 Rc2 43. Rg5 Kf6 44. Rb5 Ke6 45. Rg5 Kf6 46. Rb5
Ke6 47. Rg5 Kf6 1/2-1/2

[Event "Indonesia Open 2013"]
[Site "Jakarta INA"]
[Date "2013.10.12"]
[Round "3.48"]
[White "Zozulia, Anna"]
[Black "Sucipto, Haryadi"]
[Result "1-0"]
[WhiteTitle "IM"]
[WhiteElo "2330"]
[BlackElo "2219"]
[WhiteFideId "14102110"]
[BlackFideId "7100779"]
[EventDate "2013.10.10"]

1. e4 c5 2. Nf3 Nc6 3. Bb5 g6 4. O-O Bg7 5. Re1 Nf6 6. c3 a6 7. Bf1 O-O 8. d3 d6
9. h3 e5 10. Nbd2 h6 11. a4 Kh7 12. Nc4 Be6 13. Ne3 Nd7 14. Nh2 f5 15. exf5 gxf5
16. f4 exf4 17. Nc2 Bf7 18. Bxf4 Be5 19. Bxe5 dxe5 20. Ra3 Bd5 21. Ne3 Be6 22.
Nf3 Rg8 23. d4 e4 24. d5 exf3 25. dxc6 Qh4 26. Ng4 fxg4 27. Rxe6 f2+ 28. Kh2
gxh3 29. Qd3+ Kh8 30. g3 1-0

[Event "Indonesia Open 2013"]
[Site "Jakarta INA"]
[Date "2013.10.12"]
[Round "3.49"]
[White "Bilguun, Sumiya"]
[Black "Suradiradja, Herman"]
[Result "1-0"]
[WhiteTitle "FM"]
[BlackTitle "GM"]
[WhiteElo "2284"]
[BlackElo "2215"]
[WhiteFideId "4901541"]
[BlackFideId "7100167"]
[EventDate "2013.10.10"]

1. e4 c5 2. Nf3 a6 3. c3 d5 4. exd5 Qxd5 5. d4 Nf6 6. Be2 e6 7. O-O Be7 8. Be3
cxd4 9. cxd4 Nc6 10. Nc3 Qd8 11. Rc1 O-O 12. Bd3 Nb4 13. Bb1 Bd7 14. Ne5 Bc6 15.
a3 Nbd5 16. Nxc6 bxc6 17. Qc2 Nxe3 18. fxe3 g6 19. Nd1 Rc8 20. Qe2 Qb6 21. Bd3
a5 22. Nc3 Rb8 23. Na4 Qb3 24. Bc2 Qb5 25. Qf3 Qd5 26. Rcd1 Qxf3 27. Rxf3 Kg7
28. e4 Nd7 29. Rc3 Rfc8 30. Rf1 c5 31. Rcf3 f6 32. Bb3 c4 33. Ba2 e5 34. dxe5
Nxe5 35. Rc3 Rc6 36. Rd1 Rd8 37. Rd5 h5 38. Rc1 Rxd5 39. exd5 Rc7 40. Kf1 f5 41.
Ke2 Kf6 42. Nb6 Rb7 43. Na4 Rb5 44. Bxc4 Nxc4 45. Rxc4 Rxd5 46. Rc6+ Bd6 47. Nb6
Re5+ 48. Kf3 Ke6 49. Nc4 Rd5 50. b4 axb4 51. axb4 g5 52. Rxd6+ Rxd6 53. Nxd6
Kxd6 54. h4 g4+ 55. Kf4 Ke6 56. b5 1-0

[Event "Indonesia Open 2013"]
[Site "Jakarta INA"]
[Date "2013.10.12"]
[Round "3.52"]
[White "Mahmud, Syarif"]
[Black "Capitelli, Paolo"]
[Result "1/2-1/2"]
[WhiteTitle "FM"]
[WhiteElo "2252"]
[BlackElo "2089"]
[WhiteFideId "7100108"]
[BlackFideId "809330"]
[EventDate "2013.10.10"]

1. d4 Nf6 2. c4 g6 3. Nc3 Bg7 4. e4 d6 5. Nf3 O-O 6. Be2 e5 7. O-O Nc6 8. d5 Ne7
9. Ne1 Nd7 10. Be3 f5 11. f3 f4 12. Bf2 g5 13. b4 Nf6 14. Nd3 Ng6 15. c5 Rf7 16.
a4 h5 17. a5 g4 18. b5 g3 19. hxg3 fxg3 20. Bxg3 h4 21. Bh2 Nh5 22. b6 axb6 23.
axb6 Rxa1 24. bxc7 Qxc7 25. Qxa1 Ngf4 26. cxd6 Qxc3 27. Qxc3 Nxe2+ 28. Kh1 Nxc3
29. Rc1 Bd7 30. Rxc3 Ng3+ 31. Bxg3 hxg3 32. Rc7 b6 33. Kg1 Bb5 34. f4 exf4 35.
e5 f3 36. gxf3 Rxf3 37. e6 Rxd3 38. Rc8+ Kh7 39. d7 Rd1+ 40. Kg2 Bf6 41. Rf8
Bxd7 42. Rxf6 Rxd5 43. exd7 Rxd7 44. Rxb6 1/2-1/2

[Event "Indonesia Open 2013"]
[Site "Jakarta INA"]
[Date "2013.10.12"]
[Round "3.53"]
[White "Brokko, Margit"]
[Black "Sinurat, Tumpak"]
[Result "0-1"]
[WhiteTitle "WFM"]
[WhiteElo "2073"]
[BlackElo "2249"]
[WhiteFideId "4501098"]
[BlackFideId "7104138"]
[EventDate "2013.10.10"]

1. e4 c5 2. Nc3 Nc6 3. g3 d6 4. Bg2 g6 5. d3 Bg7 6. Be3 Nf6 7. h3 Nd4 8. Qd2 Rb8
9. Nce2 e5 10. c3 Nc6 11. Bh6 O-O 12. Nf3 d5 13. Bxg7 Kxg7 14. exd5 Nxd5 15. O-O
h6 16. Rad1 Re8 17. Nh2 Qd6 18. Ng4 Bxg4 19. hxg4 Rbd8 20. a3 Nce7 21. b4 cxb4
22. axb4 Ng8 23. Rfe1 Qb6 24. Nc1 Ngf6 25. Bf3 Nh7 26. Nb3 Ng5 27. Bg2 Qc7 28.
c4 Nf6 29. f4 exf4 30. gxf4 Ne6 31. g5 hxg5 32. fxg5 Ng4 33. Re4 Qg3 34. c5 Nxg5
35. Rxg4 Nf3+ 0-1

[Event "Indonesia Open 2013"]
[Site "Jakarta INA"]
[Date "2013.10.12"]
[Round "3.54"]
[White "Fauzan, M"]
[Black "Lim, Kian Hwa"]
[Result "1-0"]
[WhiteElo "2221"]
[BlackElo "1902"]
[WhiteFideId "7105142"]
[BlackFideId "5700744"]
[EventDate "2013.10.10"]

1. d4 d5 2. Nf3 Nf6 3. g3 Nbd7 4. Bg2 Ne4 5. O-O Ndf6 6. c4 e6 7. Ne5 dxc4 8.
Qa4+ Bd7 9. Qxc4 Nd6 10. Qc2 c6 11. e4 Be7 12. Be3 O-O 13. Nd2 Rc8 14. h3 Nfe8
15. Nb3 b6 16. Rac1 f6 17. Nxd7 Qxd7 18. e5 fxe5 19. Bxc6 Qc7 20. dxe5 Nf5 21.
Qe4 Qb8 22. Bd7 Nc7 23. Rxc7 Rxc7 24. Bxe6+ Kh8 25. Bxf5 g6 26. Bg4 Qe8 27. Bh6
Qa8 28. Qe3 Re8 29. Bf4 Bf6 30. Nd4 Rce7 31. Bf3 Qc8 32. Nc6 Re6 33. Rc1 Qa6 34.
Bd5 Rd6 35. Qb3 1-0

[Event "Indonesia Open 2013"]
[Site "Jakarta INA"]
[Date "2013.10.12"]
[Round "4.1"]
[White "Ivanisevic, Ivan"]
[Black "Grigoryan, Avetik"]
[Result "1-0"]
[WhiteTitle "GM"]
[BlackTitle "GM"]
[WhiteElo "2632"]
[BlackElo "2577"]
[WhiteFideId "912417"]
[BlackFideId "13302191"]
[EventDate "2013.10.10"]

1. e4 e5 2. Nf3 Nc6 3. d4 exd4 4. Nxd4 Nf6 5. Nc3 Bb4 6. Nxc6 bxc6 7. Bd3 O-O 8.
O-O d5 9. exd5 cxd5 10. Bg5 c6 11. Qf3 Rb8 12. h3 h6 13. Bxf6 Qxf6 14. Qxf6 gxf6
15. Ne2 Bd6 16. b3 Re8 17. Rad1 c5 18. Ng3 Bxg3 19. fxg3 Kg7 20. Rf4 Rb6 21. Kf2
Re5 22. Ra4 a6 23. c3 Rc6 24. Be2 Bb7 25. Bf3 Rc7 26. Rg4+ Kf8 27. b4 Rf5 28.
bxc5 Rxc5 29. Rb1 Bc6 30. Rb3 Ra5 31. a3 Bb5 32. Ke3 Re5+ 33. Kd4 Bd7 34. Rb8+
Ke7 35. Rgg8 Bb5 36. Bxd5 Ra4+ 37. c4 Rxd5+ 38. Kxd5 Bxc4+ 39. Kc5 Bb5 40. Rg4
Rxa3 41. Re4+ Kd7 42. Rb7+ Kc8 43. Ree7 Rxg3 44. Kb6 1-0

[Event "Indonesia Open 2013"]
[Site "Jakarta INA"]
[Date "2013.10.12"]
[Round "4.2"]
[White "Moiseenko, Alexander"]
[Black "Mareco, Sandro"]
[Result "1/2-1/2"]
[WhiteTitle "GM"]
[BlackTitle "GM"]
[WhiteElo "2703"]
[BlackElo "2565"]
[WhiteFideId "14102560"]
[BlackFideId "112275"]
[EventDate "2013.10.10"]

1. d4 Nf6 2. c4 e6 3. Nf3 b6 4. g3 Ba6 5. Qc2 Bb7 6. Bg2 c5 7. d5 exd5 8. cxd5
Nxd5 9. O-O Be7 10. Rd1 Nc6 11. a3 Nf6 12. e4 O-O 13. e5 Ne8 14. Nc3 Nc7 15. Be3
Qc8 16. Rd2 Na5 17. Bg5 Bxf3 18. Bxe7 Bxg2 19. Bxf8 Qb7 20. f4 Bc6 21. Bd6 Ne6
22. Rad1 Nc4 23. Rd3 Bf3 24. Re1 Nd4 25. Qf2 Bh1 26. Rf1 Re8 27. b4 Nxd6 28.
exd6 h6 29. h3 Re6 30. Kh2 Bc6 1/2-1/2

[Event "Indonesia Open 2013"]
[Site "Jakarta INA"]
[Date "2013.10.12"]
[Round "4.3"]
[White "Ghaem Maghami, Ehsan"]
[Black "Short, Nigel D"]
[Result "1/2-1/2"]
[WhiteTitle "GM"]
[BlackTitle "GM"]
[WhiteElo "2556"]
[BlackElo "2684"]
[WhiteFideId "12500739"]
[BlackFideId "400025"]
[EventDate "2013.10.10"]

1. d4 Nf6 2. c4 e6 3. Nf3 d5 4. g3 dxc4 5. Bg2 Bb4+ 6. Bd2 a5 7. O-O Nc6 8. e3
Bd7 9. Qe2 b5 10. a4 bxa4 11. Qxc4 Nd5 12. Qc2 Bxd2 13. Qxd2 Nce7 14. Ne5 Rb8
15. Qxa5 Rxb2 16. Nxd7 Qxd7 17. Qa8+ Qd8 18. Qxa4+ c6 19. Qa3 Rb8 20. Nd2 O-O
21. Rfc1 Ra8 22. Qc5 Rxa1 23. Rxa1 Qb6 24. Qxb6 Nxb6 25. Rc1 Ra8 26. Nf3 Nd7 27.
Ne1 Rc8 28. Nd3 g5 29. Kf1 Kg7 30. Ke2 h6 31. Rc2 f5 32. h3 Kf6 33. f4 Nb6 34.
Ne5 Nbd5 35. Nd7+ Kg7 1/2-1/2

[Event "Indonesia Open 2013"]
[Site "Jakarta INA"]
[Date "2013.10.12"]
[Round "4.6"]
[White "Ganguly, Surya Shekhar"]
[Black "Gomez, John Paul"]
[Result "1-0"]
[WhiteTitle "GM"]
[BlackTitle "GM"]
[WhiteElo "2639"]
[BlackElo "2511"]
[WhiteFideId "5002150"]
[BlackFideId "5201381"]
[EventDate "2013.10.10"]

1. e4 c5 2. Nf3 Nc6 3. d4 cxd4 4. Nxd4 g6 5. Nc3 Bg7 6. Be3 Nf6 7. Bc4 O-O 8.
Bb3 a5 9. O-O d6 10. f3 Bd7 11. Ndb5 Ne5 12. a4 Be6 13. Nd5 Bxd5 14. exd5 h5 15.
h3 Rc8 16. Qe2 Ned7 17. c4 Nc5 18. Bc2 e5 19. dxe6 Nxe6 20. Rad1 Rc6 21. f4 Re8
22. f5 Nf8 23. fxg6 Nxg6 24. Qf2 Qe7 25. Bg5 Ne4 26. Bxe4 Qxe4 1-0

[Event "Indonesia Open 2013"]
[Site "Jakarta INA"]
[Date "2013.10.12"]
[Round "4.7"]
[White "Vazquez Igarza, Renier"]
[Black "Gundavaa, Bayarsaikhan"]
[Result "1/2-1/2"]
[WhiteTitle "GM"]
[BlackTitle "GM"]
[WhiteElo "2602"]
[BlackElo "2500"]
[WhiteFideId "3503054"]
[BlackFideId "4901045"]
[EventDate "2013.10.10"]

1. d4 Nf6 2. c4 e6 3. Nc3 Bb4 4. Qc2 O-O 5. a3 Bxc3+ 6. Qxc3 d5 7. Nf3 dxc4 8.
Qxc4 b6 9. Bg5 Ba6 10. Qa4 h6 11. Bh4 Qd7 12. Qc2 c5 13. Bxf6 gxf6 14. Rd1 Rc8
15. Qe4 cxd4 16. Nxd4 Qa4 17. f3 Nc6 18. e3 Bxf1 19. Rxf1 f5 20. Qf4 Nxd4 21.
Qxd4 Rc4 22. Qd3 Rac8 23. Rf2 R4c5 24. Qd4 Qb5 25. Qd3 Qa4 26. Qd4 Qb5 27. Qd3 1/2-1/2

[Event "Indonesia Open 2013"]
[Site "Jakarta INA"]
[Date "2013.10.12"]
[Round "4.8"]
[White "Malakhatko, Vadim"]
[Black "Gupta, Abhijeet"]
[Result "1/2-1/2"]
[WhiteTitle "GM"]
[BlackTitle "GM"]
[WhiteElo "2519"]
[BlackElo "2593"]
[WhiteFideId "14104202"]
[BlackFideId "5010608"]
[EventDate "2013.10.10"]

1. c4 Nf6 2. Nc3 e5 3. e3 Nc6 4. a3 d5 5. cxd5 Nxd5 6. Qc2 Nxc3 7. bxc3 Bd6 8.
Nf3 O-O 9. Be2 f5 10. d4 Qe7 11. O-O Kh8 12. Bb2 b6 13. c4 Bb7 14. c5 bxc5 15.
dxe5 Nxe5 16. Nxe5 Bxe5 17. Bxe5 Qxe5 18. Rac1 f4 19. Qxc5 Qe6 20. Qxc7 Bd5 21.
Bc4 fxe3 22. Bxd5 Qxd5 23. fxe3 h6 24. h3 a6 25. Qc3 Rxf1+ 26. Rxf1 Rb8 27. Qd4
Qe6 28. Rf3 Rb3 29. a4 Qe7 30. Qf4 Qe6 31. Kh2 a5 32. Qf8+ Kh7 33. Qc5 Qb6 34.
Qxb6 Rxb6 35. Rf5 Re6 36. Rxa5 Rxe3 37. h4 Kg6 38. h5+ Kf6 39. Rb5 Ra3 40. a5 g6
41. g4 gxh5 42. gxh5 Ke6 43. Kg2 Kd7 44. Kf2 Kc8 45. Ke2 Kc7 46. Kd2 Kc6 47. Rf5
Kb7 48. Rf7+ Kb8 49. Rf6 Rxa5 50. Rxh6 Rc5 51. Rh7 Rd5+ 52. Ke3 Re5+ 53. Kf4 Rc5
54. Kg4 Rc4+ 55. Kf5 Rc5+ 56. Ke6 Rg5 57. Rh8+ Kb7 58. Kf6 Rc5 59. Rh7+ Kb8 60.
Ke6 Rg5 61. Kd6 Rf5 62. Kc6 Rf6+ 63. Kd7 Rf5 64. Ke8 Re5+ 65. Kf7 Rc5 66. Rh8+
Kb7 67. h6 Rc1 68. Ke6 Rc6+ 69. Kd5 Rg6 70. Rh7+ Kb8 71. Ke5 Rc6 72. Rh8+ Kb7
73. Kf5 Rc5+ 74. Ke4 Rc6 75. h7 Rh6 1/2-1/2

[Event "Indonesia Open 2013"]
[Site "Jakarta INA"]
[Date "2013.10.12"]
[Round "4.10"]
[White "Hoang, Thanh Trang"]
[Black "Barbosa, Oliver"]
[Result "1-0"]
[WhiteTitle "GM"]
[BlackTitle "GM"]
[WhiteElo "2495"]
[BlackElo "2567"]
[WhiteFideId "12400149"]
[BlackFideId "5201640"]
[EventDate "2013.10.10"]

1. d4 d5 2. c4 c6 3. Nf3 Nf6 4. Qc2 dxc4 5. Qxc4 Bg4 6. Nc3 Nbd7 7. e4 Bxf3 8.
gxf3 e5 9. dxe5 Nxe5 10. Qe2 Bc5 11. Bd2 Nh5 12. f4 Qxd2+ 13. Kxd2 Nxf4 14. Qd1
O-O-O+ 15. Nd5 cxd5 16. Qc1 dxe4+ 17. Kc2 Ned3 18. Bxd3 Nxd3 19. Qg5 Rd5 20.
Qxg7 Bd4 21. Qxf7 Rc5+ 22. Kd2 Kb8 23. Qe7 Be5 24. Rhe1 Bf4+ 25. Re3 Bg5 26.
Qxe4 Nxf2 27. Qb4 Rf5 28. Re1 Re8 29. Qd6+ Ka8 30. Kc2 Bxe3 31. Rxe3 Rc8+ 32.
Rc3 Rff8 33. Rxc8+ Rxc8+ 34. Kb1 Ne4 35. Qd7 Kb8 36. a3 h6 37. Qe6 Nd2+ 38. Ka2
Rc6 39. Qe8+ Kc7 40. Qf7+ Kc8 41. Qf5+ Kc7 42. Qa5+ 1-0

[Event "Indonesia Open 2013"]
[Site "Jakarta INA"]
[Date "2013.10.12"]
[Round "4.11"]
[White "Bitoon, Richard"]
[Black "Sokolov, Ivan"]
[Result "0-1"]
[WhiteTitle "GM"]
[BlackTitle "GM"]
[WhiteElo "2407"]
[BlackElo "2636"]
[WhiteFideId "5201110"]
[BlackFideId "14400030"]
[EventDate "2013.10.10"]

1. c4 e5 2. Nc3 Bb4 3. e3 Bxc3 4. bxc3 Nf6 5. Ne2 O-O 6. Ng3 Re8 7. Be2 b6 8.
O-O Bb7 9. Qc2 e4 10. f3 Na6 11. fxe4 Nxe4 12. d3 Nxg3 13. hxg3 Qg5 14. e4 Qxg3
15. Bf4 Qh4 16. Be3 Nc5 17. Rf4 Qe7 18. Raf1 Rf8 19. R1f3 Ne6 20. Rg4 f6 21.
Rfg3 Kh8 22. d4 Rf7 23. Bd3 g6 24. d5 Nc5 25. e5 f5 26. Rf4 Nxd3 27. Qxd3 c5 28.
dxc6 Bxc6 29. Bd4 Qe6 30. Rh4 Raf8 31. Rf4 Rg7 32. c5 g5 33. Rf2 b5 34. Kf1 h5
35. Rh3 h4 36. Ke1 f4 37. Kd1 Kg8 38. Kc1 f3 39. Rhxf3 Bxf3 40. gxf3 h3 41. Rh2
Rh7 42. Kb2 a6 43. Qd2 Rf4 44. Be3 Rxf3 45. Bxg5 b4 46. cxb4 Qxe5+ 47. Kc2 Rhf7 0-1